000
00200nam a2200097Ia 4500
008
240331s9999 xx 000 0 und d
082
_b
THA
100
_a
Thapar,R
245
0
_a
Cultural Pasts
942
_c
L
999
_c
5661
_d
5661